All Left-Hand Driving Countries - Statistics

General Stats
  • This quiz has been taken 110 times
  • The average score is 37 of 54
Answer Stats
Country % Correct
United Kingdom
99%
Australia
91%
New Zealand
90%
India
88%
South Africa
87%
Ireland
85%
Japan
79%
Pakistan
79%
Bangladesh
76%
Singapore
74%
Indonesia
73%
Jamaica
73%
Malaysia
73%
Fiji
72%
Lesotho
72%
St. Kitts and Nevis
71%
Tanzania
71%
Kenya
70%
St. Lucia
70%
Barbados
69%
Trinidad and Tobago
69%
Bahamas
67%
Grenada
67%
Malta
67%
Sri Lanka
67%
St. Vincent and the Grenadines
67%
Thailand
67%
Tuvalu
67%
Zimbabwe
67%
Antigua and Barbuda
66%
Eswatini
66%
Samoa
66%
Dominica
65%
Namibia
65%
Nepal
65%
Uganda
65%
Zambia
64%
Bhutan
63%
Papua New Guinea
63%
Tonga
63%
Kiribati
62%
Botswana
59%
Nauru
58%
Solomon Islands
58%
Cyprus
57%
Mozambique
57%
East Timor
56%
Brunei
55%
Malawi
55%
Seychelles
55%
Guyana
53%
Maldives
51%
Mauritius
51%
Suriname
48%
No matching quizzes found
Score Distribution
Percent of People with Each Score
Percentile by Number Answered
Your Score History
You have not taken this quiz